Inquiry concerning the site of ancient palibothra, conjectured to lie within the limits of the modern district of Bhaugulpoor, etc. (Record no. 1043251)

MARC details
000 -LEADER
fixed length control field 00670nam a2200229Ia 4500
003 - CONTROL NUMBER IDENTIFIER
control field OSt
005 - DATE AND TIME OF LATEST TRANSACTION
control field 20221005122109.0
008 - FIXED-LENGTH DATA ELEMENTS--GENERAL INFORMATION
fixed length control field 221004b |||||||| |||| 00| 0 eng d
037 ## - SOURCE OF ACQUISITION
Terms of availability Textual
040 ## - CATALOGING SOURCE
Original cataloging agency CRL
Transcribing agency CRL
Language of cataloging eng
041 ## - LANGUAGE CODE
Source of code eng
Language code of text/sound track or separate title eng
100 ## - MAIN ENTRY--PERSONAL NAME
Personal name Francklin William
9 (RLIN) 631484
245 #0 - TITLE STATEMENT
Title Inquiry concerning the site of ancient palibothra, conjectured to lie within the limits of the modern district of Bhaugulpoor, etc.
260 ## - PUBLICATION, DISTRIBUTION, ETC.
Date of publication, distribution, etc. 1870
650 ## - SUBJECT ADDED ENTRY--TOPICAL TERM
Topical term or geographic name entry element HISTORY
942 ## - ADDED ENTRY ELEMENTS (KOHA)
Classification part V25376:7, A
Koha item type Textual
Source of classification or shelving scheme
Holdings
Withdrawn status Lost status Damaged status Not for loan Home library Current library Date acquired Total Checkouts Full call number Barcode Date last seen Price effective from Koha item type
        Central Library Central Library 2022-10-05   V25376:7 A CL0077675 2022-10-05 2022-10-05 Textual
Copyright @ Delhi University Library System